[Event "Czech League 1995/96 (1st)"]
[Site "masterchessopen.com Czech Republic"]
[Round "5"]
[White "Marsalek Zdenek (CZE)"]
[Black "Vozka Pavel (CZE)"]
[Result "0-1"]
[WhiteElo "2257"]
[BlackElo "2270"]

1.Nf3 Nf6 2.d4 g6 3.c4 Bg7 4.Nc3 O-O 5.g3 d5 6.cxd5 Nxd5 7.Bg2 c5 8.O-O cxd4
9.Nxd4 Nxc3 10.bxc3 Qc7 11.Qb3 Nd7 12.Be3 a6 13.Rab1 Rb8 14.Rfd1 e5 15.Nf3 b5
16.Qb4 Nb6 17.Bc5 Nc4 18.Bxf8 Bxf8 19.Qb3 Bf5 20.Ra1 a5 21.Re1 a4 22.Qd1 Rd8
23.Qc1 Ba3 24.Qh6 f6 25.e4 Be6 26.Bh3 Bf7 27.Rad1 Bb2 28.Rb1 Bxc3 29.Red1 b4
30.Rdc1 a3 31.Rb3 Qa5 32.Rcxc3 bxc3 33.Qc1 Nb2 34.Qxc3 Rd1+ 35.Kg2 Qa6 36.Rb8+
Kg7 37.Nd2 Qd6 38.Qc8 Rxd2 39.Rb7 Nd3 40.Bg4 Nxf2 41.Be6 Nxe4+ {#R} 0-1

[Event "Czech League 2006/07 (2nd) (d)"]
[Site "masterchessopen.com Czech Republic"]
[Date "2006.10.15"]
[Round "1"]
[White "Horak ml Miroslav"]
[Black "Hosek Milan (CZE)"]
[Result "0-1"]
[WhiteElo "2118"]
[BlackElo "2248"]

1.c4 Nf6 2.Nf3 g6 3.g3 Bg7 4.Bg2 O-O 5.O-O d5 6.cxd5 Nxd5 7.Nc3 c5 8.d4 Nc6
9.Nxd5 Qxd5 10.Ne5 Qxd4 11.Nxc6 bxc6 12.Be3 Qxb2 13.Rb1 Qxa2 14.Bxc6 Bf5
15.Bxa8 Qxb1 16.Qxb1 Bxb1 17.Bf3 Rb8 18.Bxc5 a5 19.Bxe7 a4 20.Bc5 Bc2 21.Rc1
Bb3 22.e4 Bb2 23.Re1 a3 24.Bxa3 Bxa3 25.Re3 Bf8 26.Kg2 Be6 {#R} 0-1

[Event "Czech League 2011/12 (2nd) (b)"]
[Site "masterchessopen.com Czech Republic"]
[Date "2012.01.08"]
[Round "5"]
[White "Papay Marek (CZE)"]
[Black "Holes Michal (CZE)"]
[Result "1-0"]
[WhiteElo "1922"]
[BlackElo "1946"]

1.d4 Nf6 2.Nf3 g6 3.c4 Bg7 4.Nc3 O-O 5.g3 d5 6.cxd5 Nxd5 7.Bg2 c5 8.O-O Nc6
9.e3 cxd4 10.Nxd4 Nxc3 11.bxc3 Qc7 12.Rb1 Ne5 13.Qb3 Rb8 14.Ba3 a6 15.Bb4 b5
16.a4 Bb7 17.axb5 Bxg2 18.Kxg2 axb5 19.Qd5 Rfd8 20.Qe4 e6 21.Ra1 Nc4 22.Rfd1
Bxd4 23.cxd4 Rd5 24.Ra6 Rbd8 25.Rda1 R8d7 26.Bc5 Nd2 27.Qc2 Qb7 28.Ra7 Qc6
29.R1a6 Rxc5+ 30.Rxc6 Rxc2 31.Ra8+ Kg7 32.Rxc2 Nc4 33.Rb8 Ra7 34.Rc3 Ra2
35.Rb3 Nd2 36.R3xb5 Ne4 37.Rb2 {#r} 1-0

[Event "Extra League 2007/08"]
[Site "masterchessopen.com Czech Republic"]
[Date "2008.01.13"]
[Round "5"]
[White "Bernasek Jan (CZE)"]
[Black "Priborsky Jan (CZE)"]
[Result "1-0"]
[WhiteElo "2444"]
[BlackElo "2342"]

1.c4 Nf6 2.Nf3 g6 3.Nc3 Bg7 4.g3 O-O 5.Bg2 d5 6.cxd5 Nxd5 7.d4 c5 8.O-O Nc6
9.Nxd5 Qxd5 10.Be3 Rd8 11.dxc5 Qc4 12.Nd2 Qb5 13.Qb3 Qxb3 14.Nxb3 Bxb2 15.Rab1
Bf6 16.Nc1 a5 17.Nd3 Ra7 18.Nf4 Bd4 19.Bxd4 Rxd4 20.Nd5 Be6 21.Nc3 Bc4 22.Rfc1
Ba6 23.a3 Rd2 24.Rb6 Ne5 25.Nb5 Bxb5 26.Rxb5 Nc6 27.e3 Rd3 28.Rb6 Nd8 29.a4
Kf8 30.Kf1 Ke8 31.Ke1 h5 32.Bf1 Ra3 33.Rd1 Nc6 34.Bb5 Kf8 35.Rd7 Ra1+ 36.Ke2
Ra2+ 37.Kf1 Ne5 38.Rdxb7 Rxb7 39.Rxb7 Rc2 40.Rb8+ Kg7 41.c6 Nxc6 42.Rc8 Nb4
43.Rxc2 Nxc2 44.Ke2 Kf6 45.Kd3 Ne1+ 46.Ke2 Nc2 47.Kd3 Ne1+ 48.Kc4 Nf3 49.Kc5
Ke5 50.h4 Nd2 51.Kb6 Kd5 52.Kxa5 Kc5 53.Ka6 Ne4 54.a5 Kb4 55.Bc6 Nd6 56.Kb6
Nc4+ 57.Kc7 Kxa5 58.Be8 Ne5 59.f4 Nc4 60.Bxf7 Nxe3 61.Bxg6 Nf1 62.Kd7 Nxg3
63.Kxe7 Ne2 64.f5 Nf4 65.Bh7 Kb6 66.f6 Nd5+ 67.Ke6 Nxf6 68.Kxf6 Kc6 69.Bg6
{#r} 1-0

[Event "It"]
[Site "masterchessopen.com Mar del Plata (Argentina)"]
[Round "0"]
[White "Guimard Carlos E (ARG)"]
[Black "Denker Arnold S (USA)"]
[Result "1-0"]
[WhiteElo "2325"]
[BlackElo "2293"]

1.d4 Nf6 2.Nf3 g6 3.c4 Bg7 4.Nc3 O-O 5.g3 d5 6.cxd5 Nxd5 7.Bg2 c5 8.O-O Nc6
9.Nxd5 Qxd5 10.Be3 Qh5 11.dxc5 Bxb2 12.Rb1 Bf6 13.Qa4 Rb8 14.Nd4 Bxd4 15.Bxd4
Bh3 16.Bxh3 Qxh3 17.Be3 Rfd8 18.Rfd1 Rd7 19.Rxd7 Qxd7 20.Rd1 Qe8 21.Qb5 Kg7
22.Rd3 e5 23.Qb2 Qe7 24.f4 f6 25.Qd2 Rd8 26.fxe5 fxe5 27.Rd6 Rxd6 28.cxd6 Qd7
29.Qd5 h5 30.h4 Qf7 31.Qd2 Qd7 32.Qd5 Qf7 33.Bh6+ Kg8 34.Qe4 Qe6 35.d7 Qxd7
36.Qxg6+ Kh8 37.Bg5 Qd1+ 38.Kf2 Qd4+ 39.Kg2 Qe4+ 40.Qxe4 {#r} 1-0

[Event "It"]
[Site "masterchessopen.com Mar del Plata (Argentina)"]
[Round "0"]
[White "Behrensen Jorge (ARG)"]
[Black "Ader Walter (CHI)"]
[Result "0-1"]
[WhiteElo "2325"]
[BlackElo "2270"]

1.d4 Nf6 2.Nf3 g6 3.g3 Bg7 4.Bg2 O-O 5.c4 d5 6.cxd5 Nxd5 7.O-O c5 8.Nc3 cxd4
9.Nxd4 Nxc3 10.bxc3 Qa5 11.Qb3 e5 12.Bxb7 Bh3 13.Bxa8 exd4 14.Ba3 Be6 15.Qb4
Qa6 16.cxd4 Nd7 17.Bb7 Qxe2 18.Qe1 Qxe1 19.Rfxe1 Rb8 20.Bc6 Bxd4 21.Rad1 Ne5
22.Bd6 Bxf2+ 23.Kxf2 Rb2+ 24.Kg1 Nxc6 25.a3 g5 26.Rf1 h6 27.Rf2 Rb3 28.Rc2 Na5
29.Rdc1 Rd3 30.Bb4 Nb3 31.Rb1 Nd4 32.Re2 Nxe2+ {#R} 0-1

[Event "It"]
[Site "masterchessopen.com Wellington (New Zealand)"]
[Round "0"]
[White "Torre Eugenio (PHI)"]
[Black "Quinteros Miguel A (ARG)"]
[Result "1-0"]
[WhiteElo "2490"]
[BlackElo "2480"]

1.Nf3 Nf6 2.c4 g6 3.Nc3 Bg7 4.d4 O-O 5.g3 d5 6.cxd5 Nxd5 7.Bg2 c5 8.O-O Nxc3
9.bxc3 Nc6 10.e3 Qc7 11.Ba3 b6 12.Rc1 Ba6 13.Re1 Na5 14.Nd2 Rad8 15.Bb2 e5
16.d5 f5 17.c4 Qd7 18.Bh3 g5 19.Bf1 g4 20.Nb3 Nb7 21.a4 Nd6 22.a5 e4 23.Bxg7
Qxg7 24.Nd2 Nf7 25.axb6 axb6 26.Ra1 Bb7 27.Ra7 Ne5 28.Qa1 Rf7 29.Rb1 Bxd5
30.Ra2 Bb7 31.Rxb6 Rxd2 32.Rxb7 Rxb7 33.Ra8+ Kf7 34.Qa5 Qf6 35.Qxc5 Kg7 36.Qc8
Rb1 37.Qh8+ Kg6 38.Rg8+ {#r} 1-0

[Event "It"]
[Site "masterchessopen.com Hamburg (Germany)"]
[Round "0"]
[White "Kunsztowicz Uwe (GER)"]
[Black "Chandler Murray G (ENG)"]
[Result "1-0"]
[WhiteElo "2365"]
[BlackElo "2450"]

1.d4 Nf6 2.c4 g6 3.g3 Bg7 4.Bg2 O-O 5.Nf3 c5 6.Nc3 d5 7.cxd5 Nxd5 8.O-O Nxc3
9.bxc3 Nc6 10.e3 Qc7 11.Ba3 b6 12.dxc5 Ba6 13.Nd4 Bxf1 14.Qxf1 Nxd4 15.cxd4
Rab8 16.c6 Rfd8 17.Rc1 e6 18.Qa6 Bf8 19.Bb2 b5 20.Bc3 b4 21.Bb2 Rb6 22.Qc4 Bg7
23.e4 a5 24.e5 a4 25.f4 a3 26.Ba1 b3 27.axb3 Rdb8 28.d5 exd5 29.Bxd5 Rxb3
30.e6 Bxa1 31.exf7+ Kg7 32.Rxa1 Qa7+ 33.Kg2 R8b4 34.Qc1 Rb2+ 35.Kh3 Qf2
36.Qc3+ Rd4 37.Rh1 a2 38.Qc5 Rb8 39.c7 Rc8 40.f8=Q+ Rxf8 41.Qe7+ {#r} 1-0

[Event "It"]
[Site "masterchessopen.com Poznan (Poland)"]
[Round "4"]
[White "Stempin Pawel (POL)"]
[Black "Schmidt Wlodzimierz (POL)"]
[Result "1-0"]
[WhiteElo "2415"]
[BlackElo "2470"]

1.d4 Nf6 2.Nf3 g6 3.c4 Bg7 4.g3 O-O 5.Bg2 d5 6.cxd5 Nxd5 7.O-O c5 8.Nc3 cxd4
9.Nxd4 Nxc3 10.bxc3 Qa5 11.Be3 Nc6 12.Nxc6 bxc6 13.Bxc6 Bh3 14.Bxa8 Rxa8
15.Qb3 Bxc3 16.Rac1 Bxf1 17.Kxf1 Bd2 18.Rc5 Qb4 19.Qd5 Bxe3 20.Qxa8+ Kg7
21.Rc8 Qb1+ 22.Kg2 Qxa2 23.Rg8+ Kh6 24.Qe4 Bg5 25.h4 Bf6 26.Qf4+ {#r} 1-0

[Event "It"]
[Site "masterchessopen.com Fishbecks (USA)"]
[Round "0"]
[White "Silman Jeremy D (USA)"]
[Black "Booth Stephen (USA)"]
[Result "1-0"]
[WhiteElo "2383"]
[BlackElo "2275"]

1.d4 Nf6 2.c4 g6 3.Nc3 Bg7 4.Nf3 O-O 5.g3 d5 6.cxd5 Nxd5 7.Bg2 c5 8.O-O Nc6
9.Nxd5 Qxd5 10.Be3 Qh5 11.dxc5 Bxb2 12.Rb1 Bf6 13.Qc1 Rb8 14.Rd1 Bf5 15.Rb5 e5
16.Qb2 Rbd8 17.Rd6 Be7 18.Rd2 Rxd2 19.Nxd2 Nd4 20.Bxd4 exd4 21.Bf3 Qh6 22.Nb3
b6 23.cxb6 axb6 24.Qxd4 Rd8 25.Rd5 Rxd5 26.Bxd5 g5 27.Qa4 Qf6 28.Nd4 Bc5 29.e3
Bg6 30.Kg2 Qe5 31.Bf3 h5 32.h3 h4 33.Nc6 Qb2 34.Qb3 Qd2 35.gxh4 Bc2 36.Qd5
Bxe3 37.Qxd2 Bxd2 38.hxg5 Bxg5 39.Bd5 Bf6 40.f4 Ba4 41.Ne5 Be8 42.Kg3 Kg7
43.Kg4 Be7 44.Bc6 f6 45.Bxe8 fxe5 46.fxe5 Kf8 47.Bb5 Bc5 48.h4 Bd4 49.Kf5 Ke7
50.h5 Be3 51.Ke4 Bc1 52.Kd5 Bf4 53.a4 Bd2 54.Be2 Bh6 55.Bg4 Bf4 56.Ke4 Bd2
57.Kf5 Bc1 58.Kg6 Bf4 59.e6 Bd6 60.h6 Bb4 61.Kg7 {#r} 1-0

[Event "It"]
[Site "masterchessopen.com Samobor (Croatia)"]
[Round "3"]
[White "Medic Mirjana (CRO)"]
[Black "Takac Zvonko (CRO)"]
[Result "1-0"]
[WhiteElo "2330"]
[BlackElo "2060"]

1.Nf3 d5 2.d4 Nf6 3.c4 g6 4.Nc3 Bg7 5.g3 O-O 6.cxd5 Nxd5 7.Bg2 c5 8.O-O cxd4
9.Nxd4 Nxc3 10.bxc3 e5 11.Nb3 Qc7 12.Bg5 Be6 13.Qd2 Na6 14.Rfd1 Rac8 15.Rac1
b6 16.Bd5 Bxd5 17.Qxd5 h6 18.Be3 Rfd8 19.Qb5 Rxd1+ 20.Rxd1 Nc5 21.Nxc5 bxc5
22.Rd7 Qc6 23.Qxc6 Rxc6 24.c4 Ra6 25.Bxc5 Rxa2 26.Bxa7 Rxe2 27.Rd8+ Kh7 28.Be3
Rc2 29.c5 f5 30.h4 f4 31.gxf4 exf4 32.Bxf4 Rxc5 33.Rd7 Rc4 34.Be5 Rxh4
35.Rxg7+ Kh8 36.Rxg6+ {#r} 1-0

[Event "It"]
[Site "masterchessopen.com Lisbon (Portugal)"]
[Round "1"]
[White "Rodrigues Rui (POR)"]
[Black "Fernandes Rogerio Paulo Muller (BRA)"]
[Result "0-1"]
[WhiteElo "2171"]
[BlackElo "2205"]

1.d4 Nf6 2.c4 g6 3.Nc3 Bg7 4.Nf3 O-O 5.g3 d5 6.cxd5 Nxd5 7.Bg2 c5 8.O-O Nc6
9.Nxd5 Qxd5 10.Ne5 Qxd4 11.Nxc6 bxc6 12.Qxd4 cxd4 13.Bg5 Bd7 14.Rac1 Rac8
15.Rc5 Bg4 16.Re1 e5 17.Kf1 Rfe8 18.Rec1 e4 19.Rxc6 Rxc6 20.Rxc6 d3 21.exd3
exd3 22.Rd6 Bxb2 23.Be3 Be2+ 24.Kg1 Bc3 25.h4 Rxe3 26.Bf1 {#R} 0-1

[Event "It (a)"]
[Site "masterchessopen.com Bucharest (Romania)"]
[Round "1"]
[White "Ilic Slobodan (SRB)"]
[Black "Ionescu Cristian-Dan (ROM)"]
[Result "0-1"]
[WhiteElo "2201"]
[BlackElo "2313"]

1.Nf3 c5 2.c4 Nf6 3.g3 g6 4.Bg2 Bg7 5.Nc3 O-O 6.O-O d5 7.cxd5 Nxd5 8.d4 cxd4
9.Nxd4 Nxc3 10.bxc3 a6 11.Rb1 Qc7 12.Be3 e5 13.Nb3 Bf5 14.Rc1 Rd8 15.Qe1 Nc6
16.f4 Re8 17.Qf2 exf4 18.Bxf4 Qe7 19.Nc5 Bf8 20.e4 Qxc5 21.exf5 Qxf2+ 22.Kxf2
Bc5+ 23.Kf3 Ne5+ 24.Bxe5 Rxe5 25.fxg6 hxg6 26.Rfe1 Rae8 27.Rxe5 Rxe5 28.Rc2
Re3+ 29.Kf4 b6 30.c4 Kg7 31.Kg4 f5+ 32.Kg5 Re8 33.Kf4 Kf6 34.Bb7 Re3 35.h4 Rd3
{#R} 0-1

[Event "It (a)"]
[Site "masterchessopen.com Balatonlelle (Hungary)"]
[Date "2005.06.26"]
[Round "9"]
[White "Banusz Tamas (HUN)"]
[Black "Wittmann Walter (AUT)"]
[Result "1-0"]
[WhiteElo "2460"]
[BlackElo "2376"]

1.Nf3 Nf6 2.c4 g6 3.Nc3 Bg7 4.g3 O-O 5.Bg2 d5 6.cxd5 Nxd5 7.O-O c5 8.d4 Nxc3
9.bxc3 Nc6 10.Be3 cxd4 11.Nxd4 Na5 12.Rb1 a6 13.Nb3 Nc4 14.Bd4 Nd6 15.Bxg7
Kxg7 16.Qd4+ Kg8 17.c4 Bf5 18.Rbc1 Rb8 19.c5 Nb5 20.Qxd8 Rfxd8 21.Rfd1 Rxd1+
22.Rxd1 Nc3 23.Rd2 Be4 24.Bxe4 Nxe4 25.Rd4 Nf6 26.Na5 Rc8 27.Nxb7 Rc7 28.Nd8
Rxc5 29.Ra4 Rc8 30.Nb7 Rc7 31.Na5 Nd5 32.Nb3 Rc6 33.Ra5 Nc7 34.Rc5 Rxc5
35.Nxc5 f6 36.Kg2 Kf7 37.Kf3 e5 38.Ke3 Ke7 39.Kd3 f5 40.Kc4 Kd6 41.Nb7+ Kd7
42.Kc5 Nb5 43.Kb6 Nc3 44.a3 Nxe2 45.a4 Nc3 46.a5 Ne4 47.f3 Nd2 48.Nc5+ Kc8
49.Nxa6 e4 50.fxe4 fxe4 51.Nc5 e3 52.a6 Nc4+ 53.Kb5 Nd6+ 54.Kc6 Ne8 55.a7 Nc7
56.Ne6 Na8 57.Nd4 Nc7 58.Ne2 Na8 59.Nc3 Nc7 60.Nd5 {#r} 1-0

[Event "It (cat.15)"]
[Site "masterchessopen.com Bermuda"]
[Round "2"]
[White "Miton Kamil (POL)"]
[Black "Volokitin Andrei (UKR)"]
[Result "0-1"]
[WhiteElo "2600"]
[BlackElo "2652"]

{ } 1.Nf3 { 1 } 1...Nf6 2.g3 g6 3.Bg2 Bg7 4.O-O O-O 5.c4 c5 6.Nc3 d5 7.cxd5
Nxd5 8.d4 Nxc3 9.bxc3 Nc6 10.e3 Qa5 { = } 11.Bb2 { } ( 11.Qb3 Rd8 12.Nd2 Qc7
13.Ba3 b6 14.d5 Na5 15.Qc2 Ba6 16.c4 Bxa1 17.Rxa1 Rab8 18.Rc1 b5 19.cxb5 Rxb5
20.Ne4 Nb7 21.Bb2 Qa5 22.Bc3 Qa3 23.Nd2 Nd6 24.Nb1 Rxb1 25.Rxb1 Bc4 26.Be5
Qxa2 27.Qxa2 Bxa2 28.Ra1 Bb3 29.Rxa7 f6 30.Bb2 Kf7 { ...1/2-1/2, Smejkal Jan
2526 - Shulman Yuri 2559 , Czech Republic 1999 Extra League 1999/00 } )
11...Be6 { N } ( 11...Rd8 12.Nd2 Qc7 ( 12...cxd4 13.cxd4 Bf5 14.Nb3 Qb6 15.Qe2
Be6 { 1/2-1/2, Klein Hans-Georg 2196 - Feiler Juergen 2173 , Ditzingen 2001 It
(open) } ) 13.Qc2 Na5 14.Rac1 Be6 15.Ba3 Nc4 16.Nxc4 Bxc4 17.Rfd1 cxd4 18.cxd4
Rac8 19.Qe4 Rd7 20.d5 b5 21.Bh3 e6 22.dxe6 Rxd1+ 23.Rxd1 f5 24.e7 Re8 25.Qh4
Bxa2 26.Rd8 Bf7 27.Rxe8+ Bxe8 28.Bg2 Qc3 29.Bd5+ Kh8 30.Bd6 Qd2 31.e4 {
...0-1, Johner Paul F 2500 - Alekhine Alexander A 2700 , Switzerland 1928 It }
) ( 11...Bg4 12.h3 Bxf3 13.Bxf3 Rfd8 14.Qb3 Rab8 15.Rfc1 Qa6 16.a4 Na5 17.Qb5
Qxb5 18.axb5 Nb3 19.Rxa7 Nxc1 20.Bxc1 Ra8 21.Ra3 Rxa3 22.Bxa3 cxd4 23.exd4 Rd7
24.Bb4 b6 25.Kf1 Bf8 26.Bc6 Rd8 27.Ba3 e6 28.Bc1 Bd6 29.Bg5 Rc8 30.Bf6 h6
31.g4 { ...1-0, Schmidt Ruediger 2250 - Grosse-Kloenne Elmar 2235 , Cologne
1991 It (open) "Porz" } ) 12.d5 Rfd8 13.Ng5 c4 14.e4 { } ( 14.Qe2 { !? }
14...Bxd5 15.e4 Be6 16.Nxe6 { } ) 14...Ne5 15.Nxe6 fxe6 16.Bc1 Qxc3 17.Rb1 b6
18.Qa4 Nd3 { } ( 18...exd5 { !? } 19.exd5 Nf3+ 20.Bxf3 Qxf3 { } ) 19.Bg5 Re8
20.Qc6 exd5 21.exd5 Rad8 { } ( 21...Rab8 { !? } 22.Qe6+ Kf8 23.Rfe1 Nxe1 { } )
22.d6 Ne5 23.Qd5+ e6 24.Qb5 Qa5 { ? } ( { ? } 24...Rd7 25.f4 a6 26.Qxb6 Nd3 {
} ) 25.Qxa5 bxa5 26.Bxd8 Rxd8 27.Rfd1 Nd3 28.Bc6 { ? } ( { ? } 28.Bf1 Nb2
29.Rxb2 Bxb2 30.Bxc4 { } ) 28...Nb4 29.Ba4 Nxa2 30.Bb5 { ? } ( 30.d7 { !? }
30...Kf7 31.Rb8 Rxb8 32.d8=Q { } ) 30...Nc3 31.Bxc4 Nxb1 32.Bxe6+ Kf8 33.Rxb1
Rxd6 34.Rb8+ Ke7 35.Bg8 h6 36.Rb5 Bc3 37.Rb7+ Rd7 38.Rxd7+ Kxd7 39.Kf1 Kd6
40.Ke2 Bd4 41.f4 a4 42.h4 a3 43.g4 h5 44.gxh5 { } ( 44.f5 { !? } 44...hxg4
45.fxg6 Ke5 46.Kf1 { } ) 44...gxh5 45.Kd3 Bf6 46.Kc2 Bxh4 47.Kb3 Bg3 48.Kxa3
h4 49.Kb3 h3 { } {#R} 0-1

[Event "It (cat.15)"]
[Site "masterchessopen.com Danzhou (China)"]
[Date "2010.06.13"]
[Round "3"]
[White "Zhao Jun (CHN)"]
[Black "Li Chao (CHN)"]
[Result "1-0"]
[WhiteElo "2577"]
[BlackElo "2633"]

1.d4 Nf6 2.c4 g6 3.Nf3 Bg7 4.g3 d5 5.cxd5 Nxd5 6.Bg2 O-O 7.O-O c5 8.Nc3 Nxc3
9.bxc3 Nc6 10.Rb1 Qa5 11.d5 Ne5 12.Nxe5 Bxe5 13.Be3 Rb8 14.Qc2 Bf5 15.Be4 Bh3
16.Rfc1 c4 17.Qd2 b5 18.Bd4 Qc7 19.f4 Bxd4+ 20.Qxd4 a5 21.Bf3 Rfc8 22.a3 Rd8
23.Kf2 f6 24.Rd1 h5 25.e4 Qd6 26.Ra1 e5 27.dxe6 Qe7 28.Qe3 Bxe6 29.f5 Bf7
30.fxg6 Bxg6 31.Rd5 Bf7 32.Qc5 Qxc5+ 33.Rxc5 Rd2+ 34.Ke3 Rd3+ 35.Kf4 Rxc3
36.Bxh5 Bxh5 37.Rxh5 Rd3 38.Rc5 a4 39.Rc7 Rf8 40.Rc5 Rb3 41.Rd1 Kg7 42.Rdd5 c3
43.Rxb5 Rc8 44.Rbc5 Rxc5 45.Rxc5 Rxa3 46.Rc4 Kg6 47.h4 Kh6 48.g4 Ra1 49.Rxc3
a3 50.Rf3 a2 51.Rf2 Kg6 52.h5+ Kg7 53.e5 fxe5+ 54.Kg5 e4 55.h6+ Kh7 56.Rf7+
Kg8 57.Ra7 Rb1 58.Rxa2 Rb6 59.Ra8+ Kh7 60.Ra7+ Kg8 61.Re7 Rb5+ 62.Kg6 Rb6+
63.Kh5 Rb4 64.g5 {#r} 1-0

[Event "It (cat.3)"]
[Site "masterchessopen.com Lima (Peru)"]
[Round "5"]
[White "Pacheco Marco (PER)"]
[Black "Cruz Filemon (PER)"]
[Result "0-1"]
[WhiteElo "2353"]
[BlackElo "2349"]

1.Nf3 Nf6 2.c4 g6 3.Nc3 Bg7 4.g3 O-O 5.Bg2 d5 6.cxd5 Nxd5 7.d4 c5 8.O-O Nxc3
9.bxc3 Nc6 10.e3 Qc7 11.Ba3 b6 12.Qe2 Na5 13.Rfc1 Bb7 14.dxc5 bxc5 15.Rab1
Rab8 16.c4 Ba6 17.Nd2 Rb6 18.Rxb6 axb6 19.Nb3 Nb7 20.Bb2 Bxb2 21.Qxb2 Nd6
22.Nd2 Rd8 23.Qa3 Bb7 24.Bxb7 Qxb7 25.Qd3 Ra8 26.Rc2 Ra4 27.e4 Qa8 28.Rb2 Rxa2
29.Rxa2 Qxa2 30.Kf1 Qa1+ 31.Ke2 Qb2 32.Ke3 Qc1 33.Ke2 Qb2 34.Ke3 Qb4 35.Kf4 b5
36.cxb5 c4 37.Qd4 Nxb5 38.Qd7 c3 39.Nf3 Nd6 40.Qc6 Qxe4+ {#R} 0-1

[Event "It (cat.4)"]
[Site "masterchessopen.com Saratov (Russia)"]
[Date "2009.08.11"]
[Round "2"]
[White "Birjukov Nikolay (RUS)"]
[Black "Shukh Nikolai (RUS)"]
[Result "0-1"]
[WhiteElo "2302"]
[BlackElo "2403"]

1.c4 Nf6 2.Nc3 c5 3.Nf3 g6 4.g3 Bg7 5.Bg2 O-O 6.O-O d5 7.cxd5 Nxd5 8.d4 Nc6
9.Nxd5 Qxd5 10.Be3 Qh5 11.dxc5 Bxb2 12.Rb1 Bf6 13.Qa4 Rb8 14.Bf4 e5 15.Be3 Qg4
16.Qa3 Bf5 17.Rb2 Qh5 18.Nd2 e4 19.Bxe4 Nd4 20.Bxd4 Bxd4 21.Rc2 Bh3 22.Bf3 Qe5
23.Rfc1 Bf5 24.e3 Bxc2 25.exd4 Qf5 26.Qc3 Ba4 27.Ne4 Kg7 28.d5+ f6 29.Bg2 Rbd8
30.Nd6 Qd7 31.Re1 b6 32.Re6 bxc5 33.Qxc5 Kg8 34.h4 Qg7 35.h5 Bd7 36.Re3 Bg4
37.hxg6 hxg6 38.Re1 Qd7 39.Nc4 Rfe8 40.Ne3 Bh3 41.Bf3 Re7 42.Rd1 Qd6 43.Qd4
Qe5 44.Qc4 Kg7 45.Qb4 Rb8 46.Qa3 Rd7 47.Nc4 Qc7 48.Qa4 Qc5 49.Ne3 Rb4 50.Qa3
Qb6 51.Qd3 Rb2 52.Rd2 Rxd2 53.Qxd2 Rd8 54.g4 Qb1+ 55.Bd1 Qa1 56.Kh2 Rh8 57.Kg3
Qe5+ 58.f4 Qd6 59.Qd4 Kf7 60.Qxa7+ Kg8 61.Qa8+ Kg7 62.Qb7+ Kh6 63.Qc6 Qe7
64.Qe6 Re8 65.Qxe7 Rxe7 66.Kf2 Re4 67.Kf3 Rd4 68.Bc2 Rd2 69.Bb3 f5 70.g5+ Kh5
71.Bc4 Kh4 72.a4 Bg4+ 73.Nxg4 fxg4+ 74.Ke3 g3 75.Bf1 Rxd5 76.Bg2 Ra5 77.Bc6
Rc5 78.Be4 Kh3 79.Kd4 Ra5 80.Bc6 g2 {#R} 0-1

[Event "It (cat.6)"]
[Site "masterchessopen.com Frydek-Mistek (Czech Republic)"]
[Date "2012.04.08"]
[Round "8"]
[White "Cernousek Lukas (CZE)"]
[Black "Ivanov Mikhail M (RUS)"]
[Result "1-0"]
[WhiteElo "2438"]
[BlackElo "2389"]

1.d4 Nf6 2.c4 g6 3.Nc3 Bg7 4.Nf3 O-O 5.g3 d5 6.cxd5 Nxd5 7.Bg2 c5 8.O-O cxd4
9.Nxd4 Nxc3 10.bxc3 Nc6 11.Be3 Bd7 12.Rb1 Na5 13.Bxb7 Nxb7 14.Rxb7 Qc8 15.Qb3
e5 16.Nf3 Be6 17.Qb2 Bxa2 18.Rb5 Qe6 19.Ng5 Qd7 20.Bc5 Bc4 21.Rb4 Bd5 22.Bxf8
Bxf8 23.Rb8 Rxb8 24.Qxb8 Qf5 25.e4 Bxe4 26.Nxe4 Qxe4 27.Qxa7 Qc4 28.Qe3 Bg7
29.Rd1 h5 30.Rd8+ Kh7 31.Qd3 Qa4 32.c4 h4 33.gxh4 Qa1+ 34.Kg2 Qc1 35.Rd7 Qf4
36.Qf3 Qxc4 37.h5 Qe6 38.Rxf7 e4 39.Qf4 e3 40.h6 Qd5+ 41.Kg3 {#r} 1-0

[Event "It (cat.7)"]
[Site "masterchessopen.com Valjevo (Yugoslavia)"]
[Round "0"]
[White "Barlov Dragan (SRB)"]
[Black "Akesson Ralf (SWE)"]
[Result "1-0"]
[WhiteElo "2480"]
[BlackElo "2430"]

1.d4 Nf6 2.Nf3 g6 3.c4 Bg7 4.Nc3 O-O 5.g3 d5 6.cxd5 Nxd5 7.Bg2 c5 8.O-O Nxc3
9.bxc3 Nc6 10.e3 Be6 11.Nd2 Rc8 12.Ba3 cxd4 13.cxd4 Qa5 14.Bb2 Nb4 15.a4 Rc7
16.Nb3 Qh5 17.Qxh5 gxh5 18.Nd2 Rfc8 19.a5 Bd7 20.Rfd1 Bg4 21.Nf3 h4 22.gxh4 e6
23.h3 Bh5 24.Rac1 Nc2 25.Rf1 Bf8 26.Kh1 Bb4 27.Rg1 Bxa5 28.Ne5 Kf8 29.Rxc2
Rxc2 30.Ba3+ Kg7 31.Be4+ Kh8 32.Bxc2 Rxc2 33.Rg5 f6 34.Rxh5 fxe5 35.Rxe5 Be1
36.f4 Bxh4 37.Rxe6 b5 38.Bc5 a5 39.Rb6 b4 40.Rb5 Ra2 41.d5 Bf6 42.d6 Kg7 43.e4
Kf7 44.e5 Bh4 45.f5 {#r} 1-0

[Event "It (cat.7)"]
[Site "masterchessopen.com Budapest (Hungary)"]
[Round "9"]
[White "Bui Vinh (VIE)"]
[Black "Lechtynsky Jiri (CZE)"]
[Result "1-0"]
[WhiteElo "2461"]
[BlackElo "2410"]

1.d4 Nf6 2.c4 g6 3.Nc3 d5 4.Nf3 Bg7 5.cxd5 Nxd5 6.g3 O-O 7.Bg2 c5 8.O-O Nxc3
9.bxc3 Nc6 10.e3 Qa5 11.Qb3 Qc7 12.Ba3 b6 13.dxc5 Bb7 14.Rfc1 Na5 15.Qb4 Rfc8
16.cxb6 axb6 17.Qxe7 Qxe7 18.Bxe7 Bxc3 19.Rab1 Be4 20.Nd4 Bxb1 21.Bxa8 Bxa2
22.Bf3 Re8 23.Rxc3 Rxe7 24.Rc8+ Kg7 25.Rb8 Nc4 26.Be2 Rd7 27.Bxc4 Bxc4 28.Rxb6
Ra7 29.Rb2 Bd5 30.f3 f5 31.Kf2 Kf6 32.Rd2 Ra5 33.Rb2 Ke5 34.Ne2 Ra2 35.Rxa2
Bxa2 36.Nc3 Be6 37.Ke2 Bc4+ 38.Kd2 Ba6 39.f4+ Kf6 40.Nd5+ Kf7 41.Kc3 Bf1
42.Kd4 Ke6 43.Kc5 Bg2 44.Nc7+ Kd7 45.Nb5 Ke6 46.Kd4 Bb7 47.Nc3 Bg2 48.Na4 Bh1
49.Nc5+ Kf6 50.Nd7+ Ke7 51.Ne5 Kf6 52.h4 Ke6 53.Kc5 Bb7 54.Nc6 {#r} 1-0

[Event "It (cat.7)"]
[Site "masterchessopen.com Budapest (Hungary)"]
[Date "2004.02.06"]
[Round "7"]
[White "Seres Lajos (HUN)"]
[Black "Fogarasi Tibor (HUN)"]
[Result "1-0"]
[WhiteElo "2443"]
[BlackElo "2425"]

1.Nf3 Nf6 2.c4 c5 3.Nc3 d5 4.cxd5 Nxd5 5.g3 g6 6.Bg2 Bg7 7.O-O O-O 8.d4 cxd4
9.Nxd4 Nb6 10.e3 a6 11.Qe2 e5 12.Nc2 Nc6 13.b3 Qc7 14.Ba3 Rd8 15.Nb4 Bd7
16.Rac1 Be8 17.Nbd5 Nxd5 18.Nxd5 Qb8 19.Bc5 a5 20.Rfd1 f5 21.Nb6 Ra6 22.Bd5+
Kh8 23.Bc4 e4 24.Bxa6 bxa6 25.Qxa6 Ne5 26.Rxd8 Qxd8 27.Qc8 Qxc8 28.Nxc8 Nd3
29.Rd1 {#r} 1-0

[Event "It (cat.8)"]
[Site "masterchessopen.com Calvi (France)"]
[Date "2012.04.02"]
[Round "1"]
[White "Siebrecht Sebastian (GER)"]
[Black "Cossin Sebastien (FRA)"]
[Result "0-1"]
[WhiteElo "2468"]
[BlackElo "2505"]

1.c4 Nf6 2.Nc3 g6 3.g3 Bg7 4.Bg2 O-O 5.Nf3 c5 6.O-O d5 7.cxd5 Nxd5 8.d4 Nxc3
9.bxc3 Nc6 10.Be3 cxd4 11.Nxd4 Na5 12.Nb5 Bd7 13.Nxa7 Nc4 14.Bd4 e5 15.Bc5 Qc7
16.Bxf8 Bxf8 17.Bd5 Nb6 18.Bb3 Rxa7 19.Qd3 Na4 20.Rad1 Bc6 21.Qe3 Ra8 22.Bd5
Bc5 23.Qf3 Bxd5 24.Qxd5 Nxc3 25.Qd7 Nxe2+ 26.Kg2 Qxd7 27.Rxd7 b6 28.Rd2 Nc3
29.Re1 Bd4 30.f4 f6 31.fxe5 fxe5 32.Rf1 Rxa2 33.Rxa2 Nxa2 34.Rf6 Nc3 35.Rd6 b5
36.Rd7 b4 37.h4 Na4 38.Rd8+ Kf7 39.Ra8 Nb6 40.Ra5 b3 41.Rb5 b2 42.Kf3 Nc4 {#R}
0-1

[Event "It (open)"]
[Site "masterchessopen.com Caorle (Italy)"]
[Round "0"]
[White "Belotti Bruno (ITA)"]
[Black "Kouatly Bachar (FRA)"]
[Result "1-0"]
[WhiteElo "2433"]
[BlackElo "2453"]

1.Nf3 Nf6 2.c4 g6 3.g3 Bg7 4.Bg2 O-O 5.O-O d5 6.cxd5 Nxd5 7.d4 c5 8.Nc3 cxd4
9.Nxd4 Nxc3 10.bxc3 Na6 11.Ba3 Re8 12.Rb1 Qa5 13.Qc1 Rb8 14.Rd1 Qa4 15.Bd5 Bf6
16.Rd3 Rd8 17.Bb3 Qa5 18.Rf3 Qe5 19.Qh6 Rf8 20.Re3 Qc7 21.Nb5 Qd7 22.Rd1 Bg7
23.Rxd7 Bxh6 24.Rexe7 Bxd7 25.Rxd7 Rfd8 26.Rxf7 Kh8 27.Bd6 Rxd6 28.Nxd6 Nc5
29.Rc7 Bf8 30.Nf7+ Kg8 31.Bd5 Kg7 32.Ng5+ Kf6 33.Nxh7+ Ke5 34.Nxf8 Kxd5
35.Rxc5+ Kd6 36.Rg5 Rxf8 37.Rxg6+ Kc5 38.h4 a5 39.Rg5+ {#r} 1-0

[Event "It (open)"]
[Site "masterchessopen.com Berlin (Germany)"]
[Round "0"]
[White "Svenn Gosta (SWE)"]
[Black "Murey Jacob (ISR)"]
[Result "0-1"]
[WhiteElo "2230"]
[BlackElo "2435"]

1.Nf3 g6 2.d4 Bg7 3.c4 Nf6 4.Nc3 O-O 5.g3 d5 6.cxd5 Nxd5 7.Bg2 c5 8.O-O Nc6
9.Nxd5 Qxd5 10.e3 Bg4 11.h3 Be6 12.Ne5 Qd6 13.Nxc6 bxc6 14.dxc5 Qxc5 15.Qa4
Rab8 16.Rb1 Rfc8 17.b3 Qb5 18.Qa3 Bc4 19.Rd1 Be2 20.Bf1 Qf5 21.Bxe2 Qxb1
22.Qxe7 Qc2 23.Bf3 Qxa2 24.Rd7 Rf8 25.Kg2 a5 26.Bd2 Rxb3 27.Bxc6 Qa3 28.Qxa3
Rxa3 29.Ra7 Bc3 30.Bxc3 Rxc3 31.Bd5 Rc5 32.e4 Kg7 33.Kf3 Kh6 34.Ke3 f5 35.Kd4
Rb5 36.f3 fxe4 37.fxe4 Rf3 38.e5 Rb4+ 39.Kc5 Rc3+ 40.Kd6 Rb6+ 41.Kd7 Rc5
42.Bg8 Rxe5 43.Kc8 Re8+ 44.Kc7 Rf6 {#R} 0-1